Statistics for Top 100 Biggest Cities in Oklahoma

Click here to take the quiz!

General Stats

  • This quiz has been taken 1,222 times
    (1,124 since last reset)
  • The average score is 39 of 100

Answer Stats

#CityPopulation% Correct
1Oklahoma City655,057
99%
2Tulsa401,190
96%
3Norman124,880
82%
4Broken Arrow110,198
78%
9Stillwater50,299
69%
10Enid49,688
68%
5Edmond94,054
66%
6Lawton93,025
66%
7Moore62,055
63%
11Muskogee37,113
62%
8Midwest City57,407
56%
31Ada17,235
53%
15Yukon28,084
53%
17Ardmore24,698
52%
19Ponca City23,660
52%
14Shawnee31,436
52%
13Bartlesville36,114
51%
42Guymon10,997
50%
12Owasso36,957
49%
24El Reno19,965
47%
18Jenks23,767
47%
35Miami13,088
47%
16Bixby27,944
46%
40Guthrie11,661
46%
20Mustang22,959
46%
22Del City21,712
45%
28Durant18,673
45%
41Elk City11,557
45%
32Tahlequah16,819
45%
37Woodward12,121
45%
85Broken Bow4,085
44%
30McAlester17,814
44%
23Sapulpa21,278
43%
33Chickasha16,431
42%
27Claremore18,743
42%
21Duncan22,344
42%
36Choctaw12,674
41%
25Sand Springs19,905
41%
60Seminole7,041
40%
38Weatherford12,017
40%
29Altus18,338
38%
26Bethany19,211
38%
62Idabel6,843
38%
39Okmulgee11,711
38%
68Pauls Valley6,110
38%
67Purcell6,420
37%
49Clinton9,087
36%
43Newcastle10,655
36%
95Pawhuska3,415
36%
71Vinita5,311
36%
76Kingfisher4,908
35%
77Perry4,837
35%
51Poteau8,863
35%
53Sallisaw8,497
35%
75Alva4,953
34%
73Hugo5,092
34%
59Noble7,053
34%
52Piedmont8,551
33%
65Anadarko6,504
32%
50Blanchard8,907
32%
58Grove7,149
32%
54Skiatook8,052
32%
74Sulphur5,043
32%
63Tecumseh6,636
32%
48Wagoner9,185
32%
45Coweta10,032
31%
55Cushing7,615
31%
61Catoosa6,953
30%
34Glenpool13,936
30%
69Henryetta5,566
30%
56Tuttle7,593
30%
64Blackwell6,562
29%
66Harrah6,499
29%
70Holdenville5,501
29%
92Nowata3,552
29%
83Bristow4,200
28%
46The Village9,564
28%
94Hobart3,427
27%
87Madill4,031
27%
57Collinsville7,236
26%
89Fort Gibson3,958
26%
90Nichols Hill3,938
26%
100Wewoka3,224
26%
78McLoud4,743
25%
80Sayre4,486
25%
44Warr Acres10,118
25%
93Frederick3,545
24%
88Spencer3,968
24%
86Stilwell4,060
24%
97Dewey3,384
23%
81Marlow4,420
23%
72Lone Grove5,121
22%
47Pryor Creek9,379
22%
82Slaughterville4,296
22%
99Muldrow3,251
21%
79Verdigris4,590
21%
96Hominy3,388
20%
91Roland3,911
20%
98Heavener3,301
18%
84Pocola4,121
17%

Score Distribution

Percentile by Number Answered

Percent of People with Each Score

Your Score History

You have not taken this quiz since the last reset